| 000 | 00543cam a22001457a 4500 | ||
|---|---|---|---|
| 020 | _a9715600697 | ||
| 040 | _cDLC | ||
| 082 | _a331 SEA 2001 A073 Or. | ||
| 100 | 1 | _aFlor, Alexander G., | |
| 245 | 1 | 0 |
_aEDevelopment and knowledge management : _bICT applications for sustainable development / |
| 246 | 3 | _aE development and knowledge management | |
| 260 |
_aCollege, Los BaƱos, Laguna, Philippines : _bSEAMEO Regional Center for Graduate Study and Research in Agriculture, _cc2001 |
||
| 300 |
_aiv, 104 p. : _bill., maps ; _c23 cm. |
||
| 942 | _cEK | ||
| 999 |
_c15030 _d15030 |
||